000 00602nam a2200241Ia 4500
003 OSt
005 20220918185212.0
006 a|||||r|||| 00| 0
007 ta
008 220917b |||||||| |||| 00| 0 eng d
024 _a50,092
037 _cTextual
040 _aARTS
_cARTS
_beng
041 _2eng
_aeng
082 _aP:(G)z7, L5
100 _aFisiak Jacek
_968224
245 0 _aPapers and studies in contrastive linguistics
260 _c1975
300 _a297p.
_ccm.
650 _aLINGUISTICS
942 _hP:(G)z7, L5
_cTEXL
_2CC
999 _c179691
_d179691